Programm der seefahrtschule zu Bremen
Descripción Física:
16 p. ; 22 cm
Materias:
Orientació escolar -- Bremen
MARC
| LEADER | 00000nam a2200000Ia 4500 | ||
|---|---|---|---|
| 001 | 15914 | ||
| 008 | 160829s1909 xx 000 0 cat d | ||
| 080 | |a RF-12-46 | ||
| 100 | |a Seefahrtschule zu Bremen |9 39098 | ||
| 245 | |a Programm der seefahrtschule zu Bremen | ||
| 260 | |a Bremen : |b (Druck von H.M. Hauschild), |c 1909 | ||
| 300 | |a 16 p. ; |c 22 cm | ||
| 650 | |a Orientació escolar |x Bremen |9 39099 | ||
| 856 | 4 | |u https://media.diba.cat/diba/fitxers/arxiu/fulletons/bib_15914_1909_baixa.pdf |y Accés lliure | |
| 856 | 4 | |u https://media.diba.cat/diba/fitxers/arxiu/fulletons/bib_15914_1909_baixa.pdf |y Accés lliure | |
| 901 | |a Arxiu | ||
| 942 | |n 1 |2 udc | ||
| 952 | |0 0 |1 0 |4 0 |6 RF1246 |7 1 |9 48798 |a Arxiu |b Arxiu |d 2016-12-01 |l 0 |o RF-12-46 |p 15914 |r 2016-12-01 00:00:00 |w 2016-12-01 |y ARXIU | ||
| 999 | |c 52631 |d 52631 | ||
| 900 | |a bib_15914_1909_baixa.pdf | ||